000 00272nam a22001217a 4500
041 _aENG
100 _aShobhaa De
245 _aSpous ( The truth about marriage )
260 _aNew Delhi
_bPengun Book
_c2005
300 _a287
650 _aMarathi
856 _uMarathi ( 33 )
999 _c2242
_d2242